[Event "ch-Frankfurt A"]
[Site "Frankfurt Main"]
[Date "2025.05.12"]
[Round "3.1"]
[White "Krause, Jonah"]
[Black "Kumar, Naren N"]
[Result "1-0"]
[WhiteElo "2361"]
[BlackElo "1885"]
[PlyCount "31"]
[EventDate "2025.04.28"]
[EventType "swiss"]
[EventRounds "7"]
[EventCountry "GER"]
[WhiteTeam "FC ST.Pauli 1910 eV SAbt"]
[BlackTeam "SC 1961 König Nied"]

1. d4 d5 2. c4 c6 3. Nc3 Nf6 4. e3 e6 5. Nf3 Nbd7 6. Be2 Bd6 7. O-O O-O 8. b3 b6 9. Bb2 Bb7 10. Bd3 c5 11. cxd5 Nxd5 12. Nxd5 exd5 13. Ne5 f6 14. Qh5 f5 15. Bxf5 Rxf5 16. Qxf5 1-0

[Event "ch-Frankfurt A"]
[Site "Frankfurt Main"]
[Date "2025.05.12"]
[Round "3.2"]
[White "Philipp, Nils"]
[Black "Neukirchner, Pascal"]
[Result "0-1"]
[WhiteElo "1902"]
[BlackElo "2245"]
[PlyCount "58"]
[EventDate "2025.04.28"]
[EventType "swiss"]
[EventRounds "7"]
[EventCountry "GER"]
[WhiteTeam "Sabt Frankfurter TV 1860"]
[BlackTeam "Heilbronner SV"]

1. d4 Nf6 2. Nf3 g6 3. Bf4 Bg7 4. e3 O-O 5. Be2 d6 6. h3 Nbd7 7. O-O Qe8 8. c4 e5 9. Bh2 e4 10. Nfd2 Qe7 11. Nc3 Re8 12. Rc1 c6 13. b4 h5 14. Bf4 Nf8 15. c5 d5 16. b5 Ne6 17. Bd6 Qd8 18. bxc6 bxc6 19. Qa4 Bd7 20. Ba6 Ng5 21. Bb7 Rc8 22. Bxc8 Qxc8 23. Qxa7 Bxh3 24. Bg3 Bxg2 25. Qc7 Qh3 26. Bh2 h4 27. Qf4 Nf3+ 28. Nxf3 Bxf3 29. Rc2 Qg2# 0-1

[Event "ch-Frankfurt A"]
[Site "Frankfurt Main"]
[Date "2025.05.12"]
[Round "3.3"]
[White "Leimeister, Erhard"]
[Black "Steigleder, Maximilian"]
[Result "1-0"]
[WhiteElo "2209"]
[BlackElo "1901"]
[PlyCount "119"]
[EventDate "2025.04.28"]
[EventType "swiss"]
[EventRounds "7"]
[EventCountry "GER"]
[WhiteTeam "SV 1934 Ffm-Griesheim"]
[BlackTeam "Sfr.1932 Kelkheim"]

1. c4 Nf6 2. Nc3 g6 3. e4 d6 4. d4 Bg7 5. Nf3 O-O 6. Be2 Nbd7 7. O-O e5 8. d5 Qe7 9. Bg5 h6 10. Bh4 g5 11. Bg3 Nxe4 12. Nxe4 f5 13. Nfd2 fxe4 14. Nxe4 Nf6 15. Bd3 Bf5 16. Qe2 Qf7 17. Rac1 b6 18. b4 Rae8 19. Nxf6+ Qxf6 20. Be4 g4 21. f3 Bxe4 22. Qxe4 gxf3 23. Rxf3 Qg5 24. Rc2 Rxf3 25. gxf3 Rf8 26. Kh1 Qf5 27. Qxf5 Rxf5 28. Kg2 Bf8 29. Rc3 h5 30. h4 Kg7 31. Ra3 Kg6 32. Rxa7 Rf7 33. a4 Bh6 34. a5 bxa5 35. bxa5 Be3 36. Rb7 Bc5 37. a6 Rf8 38. a7 Ra8 39. Bf2 Bb6 40. c5 dxc5 41. d6 cxd6 42. Rxb6 Rxa7 43. Rxd6+ Kf5 44. Bxc5 Rh7 45. Be3 Rg7+ 46. Kf2 e4 47. Rd5+ Ke6 48. fxe4 Rg4 49. Rxh5 Rxe4 50. Kf3 Ra4 51. Rh8 Kf6 52. h5 Kg7 53. Rd8 Rh4 54. h6+ Kh7 55. Rd7+ Kg8 56. Bg5 Rh1 57. Kg4 Rg1+ 58. Kf5 Rf1+ 59. Kg6 Rf8 60. Bf6 1-0

[Event "ch-Frankfurt A"]
[Site "Frankfurt Main"]
[Date "2025.05.12"]
[Round "3.4"]
[White "Kupriyanov, Daniel"]
[Black "Rabiya, Karim"]
[Result "1-0"]
[WhiteElo "2112"]
[BlackElo "1801"]
[PlyCount "47"]
[EventDate "2025.04.28"]
[EventType "swiss"]
[EventRounds "7"]
[EventCountry "GER"]
[BlackTeam "SK Niederbrechen 1948"]

1. d4 d6 2. e4 Nf6 3. Nc3 Nbd7 4. g4 h6 5. Be3 e5 6. d5 a6 7. f3 Be7 8. Nge2 Nh7 9. Ng3 Bg5 10. Bf2 g6 11. Be2 Bf4 12. h4 Nhf6 13. Bf1 Nb6 14. Nge2 Nxg4 15. fxg4 Bxg4 16. Qd3 c5 17. dxc6 bxc6 18. Nxf4 exf4 19. Qd4 O-O 20. Qxb6 Qd7 21. Qd4 Rfe8 22. Be2 d5 23. O-O-O f3 24. Bc4 1-0

[Event "ch-Frankfurt A"]
[Site "Frankfurt Main"]
[Date "2025.05.12"]
[Round "3.5"]
[White "Bittner, Peter"]
[Black "Cwiek, Ryszard"]
[Result "0-1"]
[WhiteElo "1892"]
[BlackElo "2031"]
[PlyCount "94"]
[EventDate "2025.04.28"]
[EventType "swiss"]
[EventRounds "7"]
[EventCountry "GER"]
[WhiteTeam "SC 1961 König Nied"]

1. d4 f5 2. Bf4 Nf6 3. Nf3 e6 4. e3 Be7 5. Be2 O-O 6. O-O b6 7. c4 Bb7 8. Nc3 Na6 9. a3 h6 10. h3 d6 11. b4 g5 12. Bh2 c5 13. Rb1 Ne4 14. Nxe4 Bxe4 15. Bd3 Bf6 16. Bxe4 fxe4 17. Nd2 d5 18. Qh5 Bg7 19. bxc5 bxc5 20. Rb7 Qe8 21. Qg4 cxd4 22. exd4 Rf7 23. Rxf7 Qxf7 24. cxd5 exd5 25. Nb3 Nc7 26. h4 Ne6 27. hxg5 hxg5 28. Be5 Bxe5 29. dxe5 Rb8 30. Qd1 d4 31. Qc2 d3 32. Qc4 Nf4 33. Qxf7+ Kxf7 34. Nd4 Rd8 35. e6+ Nxe6 36. Nf5 Nd4 37. Nxd4 Rxd4 38. Rd1 Ke6 39. Kf1 Kd5 40. Ke1 Rc4 41. f3 Rc2 42. fxe4+ Kxe4 43. Kf1 Ke3 44. Re1+ Re2 45. Rb1 Rf2+ 46. Kg1 Rf5 47. Rb7 d2 0-1

[Event "ch-Frankfurt A"]
[Site "Frankfurt Main"]
[Date "2025.05.12"]
[Round "3.7"]
[White "Zimmer, Gerald"]
[Black "Fröhlich-Dill, Astrid"]
[Result "1/2-1/2"]
[WhiteElo "1951"]
[BlackElo "1781"]
[PlyCount "194"]
[EventDate "2025.04.28"]
[EventType "swiss"]
[EventRounds "7"]
[EventCountry "GER"]
[WhiteTeam "SC Bergen-Enkheim 1922"]
[BlackTeam "SV 1920 Hofheim"]

1. d4 Nf6 2. Nf3 e6 3. c4 b6 4. g3 Bb7 5. Bg2 Bb4+ 6. Bd2 Qe7 7. O-O Bxd2 8. Qxd2 d5 9. cxd5 exd5 10. Nc3 O-O 11. Qf4 a6 12. Rac1 Nh5 13. Qe5 Qxe5 14. Nxe5 Nf6 15. Na4 Ne8 16. Bh3 f5 17. g4 fxg4 18. Bxg4 Rf6 19. Bf3 Rd6 20. Rfd1 a5 21. Nc3 Na6 22. Nb5 Rh6 23. a3 Rd8 24. Kh1 c6 25. Nc3 Nf6 26. Na4 b5 27. Nc5 Nxc5 28. Rxc5 Ne4 29. Bxe4 dxe4 30. e3 Rf6 31. Kg2 Rdf8 32. Rd2 Rd8 33. Rdc2 Rdd6 34. a4 bxa4 35. Rxa5 h6 36. Ra7 Bc8 37. Rxa4 Be6 38. Ra8+ Kh7 39. Rc5 Bd5 40. Ra7 Rf5 41. b4 Rdf6 42. Rc2 Bb3 43. Rd2 Rg5+ 44. Kh1 Be6 45. Ra1 Bh3 46. Rg1 Rgf5 47. Rg3 Bf1 48. Kg1 Bb5 49. Ra2 g5 50. Rg4 Bd3 51. Ra7+ Kg8 52. Ra2 Kh7 53. Nd7 Rf7 54. Nc5 h5 55. Rg3 Bc4 56. Rb2 Bd5 57. Kf1 h4 58. Rg4 Kh6 59. b5 Bc4+ 60. Ke1 cxb5 61. Rxe4 Bd5 62. Re8 Bc4 63. Ne4 Rf3 64. Re5 R7f5 65. Rxf5 Rxf5 66. Nd6 Rf3 67. Nxc4 bxc4 68. Kf1 h3 69. Ke2 Rf7 70. Rc2 Rc7 71. f3 Kh5 72. e4 g4 73. fxg4+ Kxg4 74. Ke3 Rf7 75. Rxc4 Rf3+ 76. Ke2 Ra3 77. Rc2 Kf4 78. e5 Ke4 79. Rd2 Re3+ 80. Kd1 Kd5 81. Kc2 Ra3 82. Kb2 Re3 83. Kc2 Ra3 84. Kd1 Re3 85. Kc1 Rc3+ 86. Kb2 Re3 87. Kc1 Re1+ 88. Kc2 Re3 89. Kd1 Re4 90. Re2 Rxd4+ 91. Ke1 Ke6 92. Re3 Rh4 93. Kf2 Rh5 94. Kg3 Rxe5 95. Rxe5+ Kxe5 96. Kxh3 Kf5 97. Kh4 Kg6 1/2-1/2

[Event "ch-Frankfurt A"]
[Site "Frankfurt Main"]
[Date "2025.05.12"]
[Round "3.8"]
[White "Mayer, Frank"]
[Black "Griesfeller, Sven"]
[Result "1-0"]
[WhiteElo "1984"]
[BlackElo "1874"]
[PlyCount "53"]
[EventDate "2025.04.28"]
[EventType "swiss"]
[EventRounds "7"]
[EventCountry "GER"]
[WhiteTeam "Wiesbadener SV 1885"]
[BlackTeam "Schachdrachen Büdingen-Wächtersb"]

1. e4 e5 2. Nf3 Nc6 3. Bc4 Bc5 4. O-O Nf6 5. d4 exd4 6. e5 d5 7. exf6 dxc4 8. fxg7 Rg8 9. Bg5 Qd6 10. Nbd2 Bf5 11. Re1+ Kd7 12. Nxc4 Qd5 13. Nce5+ Kc8 14. c4 Qe6 15. Nxc6 Qxc6 16. Nxd4 Qg6 17. Nxf5 Qxf5 18. Be3 Bb4 19. Bd2 Bc5 20. Qe2 b6 21. Bc3 Kb7 22. Qe4+ Qxe4 23. Rxe4 Rae8 24. Rae1 Rxe4 25. Rxe4 Kc6 26. Rh4 Rd8 27. g3 1-0

[Event "ch-Frankfurt A"]
[Site "Frankfurt Main"]
[Date "2025.05.12"]
[Round "3.9"]
[White "Beinrucker, Clemens"]
[Black "von Wahden, Jens"]
[Result "1/2-1/2"]
[WhiteElo "1937"]
[BlackElo "1957"]
[PlyCount "156"]
[EventDate "2025.04.28"]
[EventType "swiss"]
[EventRounds "7"]
[EventCountry "GER"]
[WhiteTeam "SK Niederbrechen 1948"]
[BlackTeam "SV Oberursel"]

1. e4 e6 2. d4 d5 3. e5 c5 4. c3 Nc6 5. Nf3 Bd7 6. Be2 Nge7 7. O-O cxd4 8. cxd4 Nf5 9. Nc3 Rc8 10. g4 Nh4 11. Nxh4 Qxh4 12. f4 Nxd4 13. Be3 Nxe2+ 14. Qxe2 Bc5 15. Bf2 Bxf2+ 16. Rxf2 O-O 17. Rd1 Rc4 18. Qf3 Rfc8 19. Qg3 Qxg3+ 20. hxg3 b5 21. Ne2 Rc2 22. Nd4 Rxf2 23. Kxf2 f6 24. Ke3 fxe5 25. fxe5 Kf7 26. Rf1+ Ke7 27. a3 a5 28. Rh1 h6 29. g5 hxg5 30. Rh5 Rc1 31. Kd2 Rb1 32. Kc2 Re1 33. Rxg5 Kf7 34. Nf3 Re2+ 35. Nd2 b4 36. axb4 axb4 37. Rg4 Ba4+ 38. Kd3 Bb5+ 39. Kc2 Ba4+ 40. Kd3 Bb5+ 41. Kc2 Bc4 42. Kd1 Rxe5 43. Nxc4 dxc4 44. Rxc4 b3 45. Rc3 Rb5 46. Ke2 Rb4 47. Kf3 g5 48. Ke3 Kf6 49. Kf3 Kf5 50. Rd3 e5 51. Rc3 e4+ 52. Kf2 Kg4 53. Kg2 Kf5 54. Kf2 Kg4 55. Kg2 Rb8 56. Re3 Kf5 57. Kf2 Rb5 58. Kg2 Ke5 59. Kf2 Kd4 60. Ke2 Rb8 61. Kd2 Rb5 62. Ke2 Rb6 63. Kd2 g4 64. Rc3 Rb5 65. Re3 Rb8 66. Rc3 Rb7 67. Re3 Rf7 68. Rxb3 Rf3 69. Rb4+ Kd5 70. Rb8 Rxg3 71. Rd8+ Kc4 72. Rc8+ Kb3 73. Re8 Rg2+ 74. Ke3 Kxb2 75. Rxe4 Kc3 76. Re8 Kc2 77. Rd8 Rg1 78. Kf2 Rd1 1/2-1/2

[Event "ch-Frankfurt A"]
[Site "Frankfurt Main"]
[Date "2025.05.12"]
[Round "3.10"]
[White "Rauscher, Joachim"]
[Black "Ewers, Christian"]
[Result "0-1"]
[WhiteElo "1801"]
[BlackElo "1880"]
[PlyCount "44"]
[EventDate "2025.04.28"]
[EventType "swiss"]
[EventRounds "7"]
[EventCountry "GER"]
[WhiteTeam "SC Brett vorm Kopp Ffm"]

1. e4 g6 2. d4 Bg7 3. Nc3 d6 4. f4 Nf6 5. Nf3 O-O 6. Bd3 Nc6 7. a3 Bg4 8. Be3 e5 9. d5 Nd4 10. fxe5 dxe5 11. h3 Bxf3 12. gxf3 Nh5 13. Bxd4 exd4 14. Ne2 Qh4+ 15. Kf1 Bh6 16. Qe1 Qf6 17. Kg2 Be3 18. h4 c5 19. Rb1 Kh8 20. Rf1 g5 21. Kh3 Nf4+ 22. Nxf4 gxf4 0-1

[Event "ch-Frankfurt A"]
[Site "Frankfurt Main"]
[Date "2025.05.12"]
[Round "3.11"]
[White "Fayed, Ahmed"]
[Black "Nickel, Jonas"]
[Result "1/2-1/2"]
[WhiteElo "1656"]
[BlackElo "1927"]
[PlyCount "45"]
[EventDate "2025.04.28"]
[EventType "swiss"]
[EventRounds "7"]
[EventCountry "GER"]
[WhiteTeam "Sfr.1932 Kelkheim"]
[BlackTeam "Schachdrachen Büdingen-Wächtersb"]

1. d4 d5 2. Nf3 c6 3. e3 e6 4. Bd3 Nf6 5. Nbd2 Nbd7 6. c3 Be7 7. O-O O-O 8. e4 dxe4 9. Nxe4 b6 10. Re1 Bb7 11. Nxf6+ Nxf6 12. Ne5 c5 13. Be3 Qd5 14. f3 cxd4 15. Bxd4 Bc5 16. Bxc5 Qxc5+ 17. Kh1 Rfd8 18. Qc2 Rac8 19. Rad1 h6 20. Qe2 Rd6 21. Bc2 Nd5 22. Qe4 f5 23. Qd4 1/2-1/2

[Event "ch-Frankfurt A"]
[Site "Frankfurt Main"]
[Date "2025.05.12"]
[Round "3.12"]
[White "Anthes, Niklas"]
[Black "Heß, Steffen"]
[Result "1-0"]
[WhiteElo "1889"]
[BlackElo "2081"]
[PlyCount "61"]
[EventDate "2025.04.28"]
[EventType "swiss"]
[EventRounds "7"]
[EventCountry "GER"]
[WhiteTeam "SC Bad Soden"]
[BlackTeam "SC Groß-Zimmern"]

1. f4 g6 2. Nf3 Bg7 3. e4 d6 4. d4 Nd7 5. Bc4 e6 6. O-O Ne7 7. e5 d5 8. Bd3 c5 9. c3 Qb6 10. Qb3 Nc6 11. Be3 c4 12. Qxb6 axb6 13. Be2 b5 14. Na3 b4 15. Nc2 bxc3 16. bxc3 b5 17. Bc1 Nb6 18. Bd2 Bd7 19. Rfb1 Ra5 20. Nfe1 O-O 21. a3 Rfa8 22. Ra2 Bf8 23. Rba1 R5a7 24. Rb1 Na5 25. Na1 Nb3 26. Nxb3 cxb3 27. Rxb3 Nc4 28. Bc1 Bxa3 29. Bxa3 Rxa3 30. Rbxa3 Nxa3 31. Nc2 1-0

[Event "ch-Frankfurt A"]
[Site "Frankfurt Main"]
[Date "2025.05.12"]
[Round "3.13"]
[White "Kuckel, Michael"]
[Black "Perlitz, Sven"]
[Result "0-1"]
[WhiteElo "1744"]
[BlackElo "2120"]
[PlyCount "76"]
[EventDate "2025.04.28"]
[EventType "swiss"]
[EventRounds "7"]
[EventCountry "GER"]
[WhiteTeam "SC Matt im Park Ffm"]
[BlackTeam "SC 1961 König Nied"]

1. d4 Nf6 2. Nf3 g6 3. Bg5 Bg7 4. e3 c5 5. c3 b6 6. Nbd2 Bb7 7. Bd3 O-O 8. h3 d6 9. O-O cxd4 10. cxd4 Nc6 11. Rc1 Nb4 12. Bb1 Ba6 13. Nc4 Rc8 14. Qb3 Nc6 15. Rfd1 Qd7 16. d5 Bxc4 17. Qxc4 Ne5 18. Nxe5 dxe5 19. Qb4 Rxc1 20. Rxc1 Nxd5 21. Qh4 e6 22. Qc4 h6 23. Bh4 g5 24. Bg3 f5 25. Qd3 e4 26. Qb3 Rc8 27. Rc2 Bf6 28. a3 f4 29. Bh2 fxe3 30. fxe3 Rxc2 31. Qxc2 Nxe3 32. Qxe4 Nf5 33. Qe2 Qd4+ 34. Kh1 Ne3 35. Bg1 Qd1 36. Bd3 Qxe2 37. Bxe2 Nf5 38. b3 Ng3+ 0-1

[Event "ch-Frankfurt A"]
[Site "Frankfurt Main"]
[Date "2025.05.12"]
[Round "3.14"]
[White "Rondonuwu, Grover"]
[Black "Clauss, Hendrik"]
[Result "1-0"]
[WhiteElo "2011"]
[BlackElo "1796"]
[PlyCount "29"]
[EventDate "2025.04.28"]
[EventType "swiss"]
[EventRounds "7"]
[EventCountry "GER"]
[WhiteTeam "Sabt Frankfurter TV 1860"]
[BlackTeam "SC Bergen-Enkheim 1922"]

1. d4 Nf6 2. c4 e6 3. Nc3 Bb4 4. Qc2 O-O 5. Bg5 d5 6. e3 Nbd7 7. Nf3 Be7 8. Bd3 b6 9. cxd5 exd5 10. Ne5 h6 11. Nc6 Qe8 12. Nxe7+ Qxe7 13. Nxd5 Qd6 14. Nxf6+ Nxf6 15. Bxf6 1-0

[Event "ch-Frankfurt A"]
[Site "Frankfurt Main"]
[Date "2025.05.12"]
[Round "3.15"]
[White "Börsch, Dieter"]
[Black "Hochmuth, Christian"]
[Result "1/2-1/2"]
[WhiteElo "1800"]
[BlackElo "1996"]
[PlyCount "109"]
[EventDate "2025.04.28"]
[EventType "swiss"]
[EventRounds "7"]
[EventCountry "GER"]
[WhiteTeam "SK Bad Homburg 1927"]
[BlackTeam "Schachdrachen Büdingen-Wächtersb"]

1. d4 d5 2. c4 e6 3. cxd5 exd5 4. Nc3 Nf6 5. Bg5 Be7 6. e3 Nbd7 7. Bd3 c6 8. Nge2 O-O 9. O-O Re8 10. Qc2 Nf8 11. Rad1 h6 12. Bh4 Ng4 13. Bg3 Bh4 14. Bf5 Qg5 15. Bxc8 Raxc8 16. Bxh4 Qxh4 17. h3 Nf6 18. Qf5 Ne6 19. g3 Qg5 20. Qxg5 Nxg5 21. Kg2 Re7 22. Rd3 Rce8 23. Rc1 Nd7 24. Nd1 Ne4 25. Nec3 Nd6 26. b3 f5 27. Rc2 Kh7 28. h4 g5 29. hxg5 hxg5 30. Re2 Kg6 31. Re1 Nf6 32. Rh1 Ng4 33. Kf3 Ne4 34. Ke2 Ngxf2 35. Nxf2 Nxg3+ 36. Kf3 Nxh1 37. Nxh1 Rh8 38. Nf2 Reh7 39. Rd1 Rh2 40. Rf1 Kf6 41. Ne2 Rc8 42. Kg3 Rh7 43. Ng4+ Ke6 44. Ne5 Rch8 45. Kf2 Rh2+ 46. Ke1 Rg2 47. Nd3 Rhh2 48. Ndc1 Kf6 49. Rf3 g4 50. Rf1 Kg5 51. Nf4 Rc2 52. Nfe2 g3 53. Rg1 Kh4 54. Kd1 Rb2 55. Nxg3 1/2-1/2

[Event "ch-Frankfurt A"]
[Site "Frankfurt Main"]
[Date "2025.05.12"]
[Round "3.16"]
[White "Dobaj, Daniel"]
[Black "Lenhard, Martin"]
[Result "0-1"]
[WhiteElo "1637"]
[BlackElo "2004"]
[PlyCount "58"]
[EventDate "2025.04.28"]
[EventType "swiss"]
[EventRounds "7"]
[EventCountry "GER"]
[BlackTeam "SV 1920 Hofheim"]

1. e4 e6 2. d4 d5 3. e5 c5 4. c3 Nc6 5. Nf3 Qb6 6. Bd3 cxd4 7. O-O Bd7 8. a3 dxc3 9. Nxc3 f6 10. exf6 Nxf6 11. Be3 Qc7 12. h3 a6 13. Na4 b5 14. Nc3 Bd6 15. Bg5 O-O 16. Qc2 h6 17. Bxf6 Rxf6 18. Bh7+ Kh8 19. Rad1 Ne7 20. Nh4 Rc8 21. Qb1 a5 22. Rfe1 Qb6 23. Rd2 Bf4 24. Nxd5 Nxd5 25. Rxd5 exd5 26. Bc2 Bg3 27. Ng6+ Rxg6 28. Re7 Qxf2+ 29. Kh1 Rxc2 0-1

[Event "ch-Frankfurt A"]
[Site "Frankfurt Main"]
[Date "2025.05.12"]
[Round "3.18"]
[White "Brehme, Ralf-Peter"]
[Black "Rotermund, Verena"]
[Result "1/2-1/2"]
[WhiteElo "1964"]
[BlackElo "1799"]
[PlyCount "68"]
[EventDate "2025.04.28"]
[EventType "swiss"]
[EventRounds "7"]
[EventCountry "GER"]
[WhiteTeam "Vorw.Orient Mainz"]
[BlackTeam "Vorw.Orient Mainz"]

1. f4 d5 2. Nf3 Nf6 3. g3 Bf5 4. Bg2 e6 5. d3 Bc5 6. e3 Nc6 7. Qe2 O-O 8. O-O Qe7 9. Ne5 h6 10. Nxc6 bxc6 11. Nc3 Rad8 12. Kh1 Rfe8 13. e4 dxe4 14. dxe4 Bg4 15. Bf3 Bxf3+ 16. Qxf3 Bb4 17. Nd1 e5 18. c3 Bc5 19. f5 Qd6 20. b4 Bb6 21. Nb2 c5 22. b5 Qd7 23. a4 c6 24. a5 Bc7 25. Rd1 Qe7 26. bxc6 Rxd1+ 27. Nxd1 Qd6 28. Nf2 Qxc6 29. c4 Rd8 30. Be3 Qa6 31. Qe2 Qc6 32. Qc2 Bd6 33. Qa4 Qxa4 34. Rxa4 Rb8 1/2-1/2

[Event "ch-Frankfurt A"]
[Site "Frankfurt Main"]
[Date "2025.05.12"]
[Round "3.19"]
[White "Rennhack, Peer"]
[Black "Hofmann, Werner"]
[Result "1-0"]
[WhiteElo "1949"]
[BlackElo "1780"]
[PlyCount "37"]
[EventDate "2025.04.28"]
[EventType "swiss"]
[EventRounds "7"]
[EventCountry "GER"]
[WhiteTeam "Sabt Frankfurter TV 1860"]
[BlackTeam "SV 1920 Kelsterbach"]

1. e4 c6 2. d4 d5 3. e5 Bf5 4. Nc3 e6 5. g4 Bg6 6. Nge2 h6 7. f4 c5 8. Be3 c4 9. Ng3 Bb4 10. f5 Bxc3+ 11. bxc3 Bh7 12. Rb1 b6 13. Qf3 Nd7 14. h4 Rb8 15. Nh5 g6 16. Ng7+ Ke7 17. Bc1 Qc8 18. Ba3+ Kd8 19. fxe6 1-0

[Event "ch-Frankfurt A"]
[Site "Frankfurt Main"]
[Date "2025.05.12"]
[Round "3.20"]
[White "Hensel, Roman"]
[Black "Raumanns, Niklas"]
[Result "1-0"]
[WhiteElo "1781"]
[BlackElo "1850"]
[PlyCount "119"]
[EventDate "2025.04.28"]
[EventType "swiss"]
[EventRounds "7"]
[EventCountry "GER"]
[WhiteTeam "SV Oberursel"]
[BlackTeam "SC Bergen-Enkheim 1922"]

1. d4 Nf6 2. c4 e5 3. dxe5 Ng4 4. e4 Nxe5 5. f4 Nec6 6. Nc3 Bc5 7. Na4 Bb4+ 8. Bd2 Qe7 9. Bd3 O-O 10. a3 Bxd2+ 11. Qxd2 Nd4 12. Bc2 Nbc6 13. O-O-O b5 14. cxb5 Nxb5 15. Qe3 Rb8 16. Qc5 Qf6 17. Ne2 Qe7 18. Qxe7 Nxe7 19. Nc5 d6 20. Nb3 Be6 21. Nbd4 Nxd4 22. Nxd4 Bd7 23. Bd3 Rb6 24. Rd2 c5 25. Ne2 Be6 26. f5 Bb3 27. Bc2 Bc4 28. Bd3 Bxd3 29. Rxd3 Rfb8 30. Rd2 d5 31. exd5 Nxf5 32. Nc3 Nd4 33. Kb1 Kf8 34. Na4 Rb5 35. Nxc5 Rxc5 36. Rxd4 Ke7 37. b4 a5 38. Kb2 axb4 39. axb4 Kd6 40. Rhd1 Rbb5 41. Ka3 Rxd5 42. Rxd5+ Rxd5 43. Rxd5+ Kxd5 44. Ka4 Kc6 45. Ka5 Kb7 46. Kb5 f5 47. Kc5 g5 48. Kd5 f4 49. Ke4 Kb6 50. Kf5 h6 51. h4 f3 52. gxf3 gxh4 53. Kg4 Kb5 54. Kxh4 Kxb4 55. Kh5 Kc5 56. Kxh6 Kd5 57. Kg5 Ke6 58. f4 Kf7 59. Kf5 Ke8 60. Kf6 1-0

[Event "ch-Frankfurt A"]
[Site "Frankfurt Main"]
[Date "2025.05.12"]
[Round "3.22"]
[White "Shanawaz Thabrez, Shahzaib"]
[Black "Zeyen, Helmut"]
[Result "1-0"]
[WhiteElo "1898"]
[BlackElo "1845"]
[PlyCount "53"]
[EventDate "2025.04.28"]
[EventType "swiss"]
[EventRounds "7"]
[EventCountry "GER"]
[WhiteTeam "SK Langen"]
[BlackTeam "Wiesbadener SV 1885"]

1. e4 d5 2. exd5 Nf6 3. Nf3 Nxd5 4. d4 Bg4 5. Be2 e6 6. c4 Bb4+ 7. Kf1 Nb6 8. c5 Nd5 9. a3 Ba5 10. b4 Bxb4 11. axb4 Nxb4 12. Bb2 Nd5 13. Nc3 c6 14. Nxd5 Qxd5 15. Nd2 Bxe2+ 16. Qxe2 Nd7 17. Ne4 O-O 18. h4 h6 19. Ra3 Qf5 20. Rf3 Qh7 21. Rhh3 b6 22. Kg1 bxc5 23. dxc5 Rab8 24. Rhg3 e5 25. Bxe5 f6 26. Bxf6 Nxf6 27. Nxf6+ 1-0

[Event "ch-Frankfurt A"]
[Site "Frankfurt Main"]
[Date "2025.05.12"]
[Round "3.23"]
[White "Cichon, Jörg"]
[Black "Winand, Edgar"]
[Result "0-1"]
[WhiteElo "1771"]
[BlackElo "1879"]
[PlyCount "98"]
[EventDate "2025.04.28"]
[EventType "swiss"]
[EventRounds "7"]
[EventCountry "GER"]
[WhiteTeam "Sfr.Mainz 1928"]
[BlackTeam "SF Frankfurt 1921"]

1. e4 g5 2. Nc3 d6 3. g3 Bg7 4. Bg2 e5 5. Nge2 Nc6 6. b3 Nge7 7. Bb2 Ng6 8. d3 h5 9. h3 a6 10. a4 Be6 11. Qd2 Bh6 12. Nd5 Bxd5 13. exd5 Nce7 14. Qb4 Qc8 15. Bc1 f5 16. a5 h4 17. g4 fxg4 18. Qa4+ Kf7 19. Qxg4 Qxg4 20. hxg4 c6 21. dxc6 bxc6 22. Ba3 Rhd8 23. O-O Nf4 24. Nc3 d5 25. Bxe7 Kxe7 26. Rfe1 Bg7 27. Na4 Kd6 28. Rad1 Ra7 29. Bf1 Bf6 30. f3 Rb8 31. Nb6 Bd8 32. d4 exd4 33. Rxd4 Bxb6 34. axb6 Rxb6 35. Bc4 Kc5 36. Rxf4 gxf4 37. Bd3 a5 38. Re5 a4 39. bxa4 Rxa4 40. Rh5 Ra1+ 41. Kg2 Rbb1 42. Rxh4 Rg1+ 43. Kf2 Rh1 44. Rxh1 Rxh1 45. Kg2 Rh8 46. g5 Kd4 47. g6 c5 48. Bf5 Ke5 49. Bh3 Rg8 0-1

[Event "ch-Frankfurt A"]
[Site "Frankfurt Main"]
[Date "2025.05.12"]
[Round "3.25"]
[White "Trierweiler, Joachim"]
[Black "Basedow, Marc"]
[Result "1-0"]
[WhiteElo "1836"]
[BlackElo "1757"]
[PlyCount "89"]
[EventDate "2025.04.28"]
[EventType "swiss"]
[EventRounds "7"]
[EventCountry "GER"]
[WhiteTeam "Vorw.Orient Mainz"]
[BlackTeam "SC Bad Soden"]

1. Nf3 Nf6 2. c4 g6 3. g3 b6 4. Bg2 Bb7 5. O-O Bg7 6. d4 O-O 7. Nc3 d6 8. Qc2 Nbd7 9. b4 c5 10. bxc5 bxc5 11. Rb1 Rb8 12. d5 Nb6 13. Nd2 Ng4 14. Bb2 Ba6 15. Nb5 Ne5 16. Bxe5 Bxe5 17. Nxa7 Bb7 18. Rb5 Qc7 19. Rfb1 Bxd5 20. cxd5 Qxa7 21. Qb3 Nd7 22. a4 Rxb5 23. axb5 Nb6 24. Nc4 Nxc4 25. Qxc4 Rb8 26. Be4 Qa5 27. Bd3 Rb6 28. h4 f5 29. Kg2 Kf7 30. h5 Qc3 31. hxg6+ hxg6 32. Qa4 Qd4 33. Qxd4 Bxd4 34. Rh1 e5 35. Rh7+ Kf6 36. Rc7 e4 37. Bc4 Be5 38. f3 exf3+ 39. exf3 g5 40. Rc6 Rb8 41. b6 Ke7 42. Ba6 Kd8 43. b7 Rxb7 44. Bxb7 Kd7 45. Bc8+ 1-0

[Event "ch-Frankfurt A"]
[Site "Frankfurt Main"]
[Date "2025.05.12"]
[Round "3.28"]
[White "Koellner, Ulrich"]
[Black "Ghaznavi, Massoud"]
[Result "0-1"]
[WhiteElo "1831"]
[BlackElo "1616"]
[PlyCount "126"]
[EventDate "2025.04.28"]
[EventType "swiss"]
[EventRounds "7"]
[EventCountry "GER"]
[WhiteTeam "SV 1920 Hofheim"]
[BlackTeam "SV Oberursel"]

1. d4 d5 2. c4 Nf6 3. Nc3 e6 4. Nf3 Bd7 5. Bg5 Bb4 6. e3 O-O 7. a3 Bxc3+ 8. bxc3 Bc6 9. Bd3 h6 10. Bh4 Nbd7 11. O-O Qe8 12. Bg3 Rc8 13. Nd2 e5 14. cxd5 Bxd5 15. c4 e4 16. Be2 Be6 17. Qa4 a6 18. Qa5 Qd8 19. Rab1 b6 20. Qxa6 Ra8 21. Qb7 Ne8 22. Qxe4 Rxa3 23. Ra1 Rxa1 24. Rxa1 Ndf6 25. Qc2 Nd6 26. Bxd6 Qxd6 27. Ne4 Nxe4 28. Qxe4 f5 29. Qc2 f4 30. c5 Qe7 31. Bf3 fxe3 32. fxe3 Qg5 33. Qe4 Bf5 34. Qf4 Qe7 35. Ra7 Bd3 36. Rxc7 Rxf4 37. Rxe7 Rf6 38. cxb6 Rxb6 39. Kf2 Kf8 40. Re5 Rb2+ 41. Kg3 Kf7 42. h4 g6 43. Be4 Bc4 44. Bd5+ Bxd5 45. Rxd5 h5 46. Kf3 Ke6 47. Rg5 Kf6 48. g3 Rb3 49. Kf4 Rb1 50. Ke4 Rb7 51. Rc5 Re7+ 52. Kd3 Ra7 53. Rc6+ Kf7 54. d5 Ra3+ 55. Rc3 Ra4 56. Rc4 Ra3+ 57. Ke4 Ke7 58. Rc7+ Kf6 59. Kf4 Ra5 60. Rc6+ Kg7 61. e4 Ra3 62. e5 Ra4+ 63. Kg5 Rg4# 0-1

[Event "ch-Frankfurt A"]
[Site "Frankfurt Main"]
[Date "2025.05.12"]
[Round "3.30"]
[White "Fernengel, Rudolf"]
[Black "Rutsatz, Mario"]
[Result "1/2-1/2"]
[WhiteElo "1882"]
[BlackElo "1913"]
[PlyCount "96"]
[EventDate "2025.04.28"]
[EventType "swiss"]
[EventRounds "7"]
[EventCountry "GER"]
[WhiteTeam "SC 1910 Höchst"]
[BlackTeam "SC 1961 König Nied"]

1. d4 Nf6 2. Nf3 d5 3. Nbd2 Bf5 4. Nh4 Bd7 5. g3 c5 6. e3 cxd4 7. exd4 Nc6 8. c3 Bg4 9. Be2 Bxe2 10. Qxe2 e6 11. Nb3 Be7 12. Nf3 O-O 13. Bf4 Ne4 14. Nbd2 Nxd2 15. Nxd2 a6 16. O-O b5 17. a3 Qb6 18. Qg4 Kh8 19. h4 a5 20. Qh5 b4 21. axb4 g6 22. bxa5 Qxb2 23. Qf3 Rxa5 24. Rxa5 Nxa5 25. Bh6 Kg8 26. Bxf8 Bxf8 27. Qd3 Nc6 28. Rb1 Qa3 29. Nf3 Bb4 30. Qc2 Qxc3 31. Qxc3 Bxc3 32. Rd1 Kf8 33. Kf1 Ba5 34. Rc1 Ne7 35. Ke2 Nf5 36. Kd3 Nd6 37. Ra1 Bb6 38. Ra6 Nc4 39. Ra8+ Kg7 40. Rb8 e5 41. dxe5 Bxf2 42. g4 Ne3 43. g5 Nf5 44. Rb4 Kf8 45. Ke2 Bg3 46. Rb8+ Ke7 47. Rb7+ Ke6 48. Rb6+ Ke7 1/2-1/2